Praktická aplikácia ukazovateľa EVA Momentum vo vybraných spoločnostiach

Charakteristika ukazovateľa EVA Momentum, spôsob jeho výpočtu a jeho praktická aplikácia na príklade vybranej spoločnosti.

Gespeichert in:
Bibliographische Detailangaben
1. Verfasser: Jančovičová Bognárová, Kristína, 1979-
Format: Buchkapitel
Sprache:Slowakisch
Schlagworte:
Tags: Tag hinzufügen
Keine Tags, Fügen Sie das erste Tag hinzu!

MARC

LEADER 00000naa a2200000 4500
001 0197001
005 20240502073324.9
041 0 |a slo 
044 |a SK 
245 1 0 |a Praktická aplikácia ukazovateľa EVA Momentum vo vybraných spoločnostiach  |c Kristína Jančovičová Bognárová 
520 |a Charakteristika ukazovateľa EVA Momentum, spôsob jeho výpočtu a jeho praktická aplikácia na príklade vybranej spoločnosti. 
610 2 0 |a ukazovateľ EVA 
610 2 0 |a meranie výkonnosti 
610 2 0 |a ukazovatele výkonnosti 
610 2 0 |a zisk ekonomický 
610 2 0 |a podnik 
100 1 |a Jančovičová Bognárová, Kristína, 1979-